<?xml version="1.0" encoding="UTF-8"?><?xml-stylesheet type="text/xsl" href="static/style.xsl"?><OAI-PMH xmlns="http://www.openarchives.org/OAI/2.0/" xmlns:xsi="http://www.w3.org/2001/XMLSchema-instance" xsi:schemaLocation="http://www.openarchives.org/OAI/2.0/ http://www.openarchives.org/OAI/2.0/OAI-PMH.xsd"><responseDate>2026-04-14T02:07:18Z</responseDate><request verb="GetRecord" identifier="oai:www.recercat.cat:20.500.14342/487" metadataPrefix="marc">https://recercat.cat/oai/request</request><GetRecord><record><header><identifier>oai:recercat.cat:20.500.14342/487</identifier><datestamp>2025-03-11T12:45:23Z</datestamp><setSpec>com_2072_482405</setSpec><setSpec>com_2072_183628</setSpec><setSpec>col_2072_482410</setSpec></header><metadata><record xmlns="http://www.loc.gov/MARC21/slim" xmlns:dcterms="http://purl.org/dc/terms/" xmlns:xsi="http://www.w3.org/2001/XMLSchema-instance" xmlns:doc="http://www.lyncode.com/xoai" xsi:schemaLocation="http://www.loc.gov/MARC21/slim http://www.loc.gov/standards/marcxml/schema/MARC21slim.xsd">
   <leader>00925njm 22002777a 4500</leader>
   <datafield ind2=" " ind1=" " tag="042">
      <subfield code="a">dc</subfield>
   </datafield>
   <datafield ind2=" " ind1=" " tag="720">
      <subfield code="a">Miotto, Giorgia</subfield>
      <subfield code="e">author</subfield>
   </datafield>
   <datafield ind2=" " ind1=" " tag="720">
      <subfield code="a">Polo López, Marc</subfield>
      <subfield code="e">author</subfield>
   </datafield>
   <datafield ind2=" " ind1=" " tag="720">
      <subfield code="a">Rom Rodríguez, Josep A.</subfield>
      <subfield code="e">author</subfield>
   </datafield>
   <datafield ind2=" " ind1=" " tag="260">
      <subfield code="c">2019</subfield>
   </datafield>
   <datafield ind2=" " ind1=" " tag="520">
      <subfield code="a">Gender equality is still an issue in business schools, since women in MBAs classrooms, in faculty and in management teams have low representation. Challenges caused by lack of ﬁnancial aids, salaries gap and a very masculine model avoid a better gender balance in the business graduate schools, which, globally, should lead women personal and professional development. The main objective of this research is to analyse business schools communication priorities related to gender equality projects and policies in their sustainability reports, considering these as a fundamental tool for corporate legitimacy. Through a content analysis of the sustainable reports of the top 50 business schools of the world, we elaborate a “Codes Frequency Report” focusing on “Goal 4: quality of education” (in relation with scholarships and grants allocation) and “Goal 5: gender equality” and we explore the correlations with the schools’ ranking positions, the price of the MBA programmes, the percentage of female MBA students, of female faculty members and women in board of directors in the different geographical areas as Europe, US and Asia. Results show that gender equality related topics are a source of positive impact and legitimacy for top business schools.</subfield>
   </datafield>
   <datafield ind1="8" ind2=" " tag="024">
      <subfield code="a">http://hdl.handle.net/20.500.14342/487</subfield>
   </datafield>
   <datafield ind1="8" ind2=" " tag="024">
      <subfield code="a">http://dx.doi.org/10.3390/su11020302</subfield>
   </datafield>
   <datafield tag="653" ind2=" " ind1=" ">
      <subfield code="a">Igualtat entre els sexes</subfield>
   </datafield>
   <datafield tag="653" ind2=" " ind1=" ">
      <subfield code="a">Escoles de negocis</subfield>
   </datafield>
   <datafield tag="653" ind2=" " ind1=" ">
      <subfield code="a">Ensenyament universitari</subfield>
   </datafield>
   <datafield ind2="0" ind1="0" tag="245">
      <subfield code="a">Gender equality and UN sustainable development goals: priorities and correlations in the top business schools’ communication and legitimation strategies</subfield>
   </datafield>
</record></metadata></record></GetRecord></OAI-PMH>